000 00467nam a2200157Ia 4500
008 140512s9999 xx 000 0 und d
020 _a0721405282
050 _aPZ 7
_b.P613 [ca.1990]
245 4 _aThe pied piper of hamelin /
260 _aU.S.A :
_bLarybird Book Inc.,
_cc19--.
300 _a51 p. :
_bcol. Ill. ;
_c15 cm.
440 _aRead it yourself
650 _aPied Piper of Hamelin (Legendary Character
_xJuvinile poetry
942 _cBK
999 _c116691
_d116691